Statistiken für Länder, die Kirgisistan am nächsten liegen - Ein-Min-Sprint

Klicken Sie hier um das Quiz zu spielen!

Allgemein

  • Dieses Quiz wurde 98 mal gespielt
  • Das Durchschnittsergebnis liegt bei 15 aus 20

Antwortstatistiken

kmLand% Korrekt
290Turkmenistan
97%
0China
94%
0Kasachstan
94%
886Russland
92%
0Tadschikistan
92%
525Indien
90%
0Usbekistan
90%
787Iran
86%
101Afghanistan
84%
1197Nepal
82%
262Pakistan
82%
2058Irak
81%
1937Armenien
77%
1906Georgien
75%
1606Aserbaidschan
71%
920Mongolei
71%
1764Bhutan
66%
1871Bangladesch
51%
1890Oman
11%
1937Vereinigte
Arabische Emirate
9%

Verteilung der Resultate

Perzentil nach korrekt beantworteten Fragen

Anzahl Personen mit jedem Resultat

Ihre Resultats-Entwicklung

Sie haben dieses Quiz noch nicht gespielt